Data communications and networking / (Record no. 195)
[ view plain ]
| 000 -LEADER | |
|---|---|
| fixed length control field | 00876cam a22002532 4500 |
| 001 - CONTROL NUMBER | |
| control field | 0000000339 |
| 005 - DATE AND TIME OF LATEST TRANSACTION | |
| control field | 20151021151046.0 |
| 008 - FIXED-LENGTH DATA ELEMENTS--GENERAL INFORMATION | |
| fixed length control field | 070123s xx 000 0 eng d |
| 020 ## - INTERNATIONAL STANDARD BOOK NUMBER | |
| International Standard Book Number | 0070584087 : |
| Terms of availability | KES 2,700 |
| 040 ## - CATALOGING SOURCE | |
| Original cataloging agency | KABU |
| Transcribing agency | KABU |
| 050 #0 - LIBRARY OF CONGRESS CALL NUMBER | |
| Classification number | TK5105 |
| Item number | .F67 2004 |
| 100 1# - MAIN ENTRY--PERSONAL NAME | |
| Personal name | Forouzan, Behrouz A. |
| -- | 0000148478 |
| 245 10 - TITLE STATEMENT | |
| Title | Data communications and networking / |
| Statement of responsibility, etc. | Behrouz A. Sophia with Chung Fegan. |
| 250 ## - EDITION STATEMENT | |
| Edition statement | 3rd ed. |
| 260 ## - PUBLICATION, DISTRIBUTION, ETC. (IMPRINT) | |
| Place of publication, distribution, etc. | New Delhi : |
| Name of publisher, distributor, etc. | Tata McGraw-Hill, |
| Date of publication, distribution, etc. | 2004. |
| 300 ## - PHYSICAL DESCRIPTION | |
| Extent | xxxiv, 973 p. |
| 650 #0 - SUBJECT ADDED ENTRY--TOPICAL TERM | |
| Topical term or geographic name as entry element | Data trasmission system. |
| -- | 0000148479 |
| 700 1# - ADDED ENTRY--PERSONAL NAME | |
| Personal name | Fegan, Sophia Chung. |
| -- | 0000148218 |
| 908 ## - PUT COMMAND PARAMETER (RLIN) | |
| Put command parameter | 070123 |
| 950 ## - LOCAL HOLDINGS (RLIN) | |
| -- | 1 |
| Withdrawn status | Lost status | Source of classification or shelving scheme | Not for loan | Home library | Current library | Date acquired | Total Checkouts | Full call number | Barcode | Date last seen | Price effective from | Koha item type | Damaged status | Date last checked out | Total Renewals | Copy number |
|---|---|---|---|---|---|---|---|---|---|---|---|---|---|---|---|---|
| Lost | Library of Congress Classification | Kabarak, Main Campus | Kabarak, Main Campus | 17/12/2015 | 1 | TK5105 .F67 2004 c. 2 | 009521 | 28/06/2016 | 17/12/2015 | General Collection | 28/06/2016 | |||||
| Library of Congress Classification | Kabarak, Nakuru City Campus | Kabarak, Nakuru City Campus | 21/10/2015 | TK5105 .F67 2004 c. 1 | 005691 | 21/10/2015 | 21/10/2015 | General Collection | ||||||||
| Library of Congress Classification | Kabarak, Nakuru City Campus | Kabarak, Nakuru City Campus | 21/10/2015 | TK5105 .F67 2004 c. 2 | 005692 | 21/10/2015 | 21/10/2015 | General Collection | ||||||||
| Library of Congress Classification | Kabarak, Nakuru City Campus | Kabarak, Nakuru City Campus | 21/10/2015 | TK5105 .F67 2004 c.3 | 16129 | 21/10/2015 | 21/10/2015 | General Collection | ||||||||
| Library of Congress Classification | Kabarak, Nakuru City Campus | Kabarak, Nakuru City Campus | 17/12/2015 | 15 | TK5105 .F67 2004 c. 1 | 009520 | 11/04/2022 | 17/12/2015 | General Collection | 09/04/2022 | 2 | C.1 |